[Event "It \"]
[Site "masterchessopen.com Werther (Germany)"]
[Date "2006.04.07"]
[Round "1"]
[White "Ruehmkorf Hans-Joachim (GER)"]
[Black "Janzen Alexej"]
[Result "1-0"]
[WhiteElo "1911"]
[BlackElo "1646"]

1.e4 c5 2.Nf3 e6 3.d4 cxd4 4.Nxd4 a6 5.Bd3 Bc5 6.Nb3 Ba7 7.O-O Nc6 8.Kh1 Nf6
9.Nc3 h6 10.f4 d5 11.e5 Nd7 12.Qh5 Ne7 13.f5 Nc5 14.Nxc5 Bxc5 15.f6 {#r} 1-0

[Event "Memorial R.Nezhmetdinov"]
[Site "masterchessopen.com Kazan (Russia)"]
[Date "2006.06.06"]
[Round "6"]
[White "Gorovykh Eduard (RUS)"]
[Black "Balashov Yuri S (RUS)"]
[Result "0-1"]
[WhiteElo "2341"]
[BlackElo "2412"]

1.e4 c5 2.Nf3 e6 3.d4 cxd4 4.Nxd4 a6 5.Bd3 Nf6 6.c4 Nc6 7.Nxc6 dxc6 8.f4 e5
9.f5 Nxe4 10.Qe2 Bxf5 11.O-O Bc5+ 12.Be3 Ng3 {#R} 0-1

[Event "It (open) \"]
[Site "masterchessopen.com Olympus Riviera (Greece)"]
[Round "4"]
[White "Kadoglou Nikolaos (GRE)"]
[Black "Vragoteris Antonios (GRE)"]
[Result "0-1"]
[WhiteElo "2009"]
[BlackElo "2324"]

1.e4 c5 2.Nf3 e6 3.d4 cxd4 4.Nxd4 a6 5.Bd3 Qc7 6.O-O Nf6 7.Nc3 b5 8.a3 Bb7
9.Nb3 Nc6 10.Be3 Ne5 11.f3 h5 12.Qe2 Ng6 13.Qf2 Bd6 14.g3 h4 15.Kg2 Nh5 16.f4
f5 17.Bb6 Qb8 18.Na5 hxg3 19.hxg3 Ngxf4+ 20.gxf4 Nxf4+ {#R} 0-1

[Event "Cup Balazs-Diak (juniors) (under 18)"]
[Site "masterchessopen.com Balatonlelle (Hungary)"]
[Date "2006.07.01"]
[Round "1"]
[White "Bakos Levente (HUN)"]
[Black "Papp Tamas (HUN)"]
[Result "0-1"]
[WhiteElo "2027"]
[BlackElo "2266"]

1.e4 c5 2.Nf3 e6 3.d4 cxd4 4.Nxd4 a6 5.Bd3 Qb6 6.Nb3 Qc7 7.c4 Nf6 8.O-O b6
9.Qe2 d6 10.Nc3 Bb7 11.Bd2 Be7 12.f4 Nbd7 13.Rae1 Rd8 14.Rf3 g6 15.Kh1 h5
16.Rg3 Ng4 17.Rf3 Nc5 18.Nd4 g5 19.b4 Nxd3 20.Qxd3 gxf4 21.b5 Ne5 {#R} 0-1

[Event "Tournament (juniors) \"]
[Site "masterchessopen.com Novi Sad (Yugoslavia)"]
[Date "2006.07.02"]
[Round "2"]
[White "Sarenac Ivan (SRB)"]
[Black "Milicevic Zikica (SRB)"]
[Result "1-0"]
[WhiteElo "2172"]
[BlackElo "1941"]

1.e4 c5 2.Nf3 e6 3.d4 cxd4 4.Nxd4 a6 5.Bd3 Nc6 6.Nxc6 dxc6 7.O-O e5 8.Be3 Nf6
9.Nd2 Be6 10.a4 Ng4 11.Qf3 Be7 12.Bc4 Qc8 13.Bb6 Bxc4 14.Nxc4 Qe6 15.b3 O-O
16.Rad1 Nh6 17.Qg3 f5 18.exf5 Rxf5 19.Rfe1 Nf7 20.Qd3 Bd8 21.Qd7 Qf6 22.Qe8#
1-0

[Event "It (open)"]
[Site "masterchessopen.com Cullera (Spain)"]
[Date "2006.07.27"]
[Round "8"]
[White "Plaza Pardo Jorge (ESP)"]
[Black "Kovacevic Slobodan (SRB)"]
[Result "0-1"]
[WhiteElo "2202"]
[BlackElo "2339"]

1.e4 c5 2.Nf3 e6 3.d4 cxd4 4.Nxd4 a6 5.Bd3 Nf6 6.O-O d6 7.c4 Nbd7 8.Nc3 Qc7
9.Kh1 Be7 10.f4 O-O 11.Qe2 Re8 12.Nf3 g6 13.e5 Nh5 14.Ng5 dxe5 15.fxe5 Nxe5
16.Bc2 f5 17.Re1 Ng4 18.Nf3 Nxh2 19.Qe5 Bd6 20.Nd5 Bxe5 21.Nxc7 Nxf3 22.Rxe5
Ng3# 0-1

[Event "Ch MinPros (g)"]
[Site "masterchessopen.com Nizhnij Novgorod (Russia)"]
[Round "0"]
[White "Shabrina Tatiana (RUS)"]
[Black "Karavaeva Nadezda (RUS)"]
[Result "0-1"]
[WhiteElo "1930"]
[BlackElo "1959"]

1.e4 c5 2.Nf3 e6 3.d4 cxd4 4.Nxd4 a6 5.Bd3 Qc7 6.O-O b5 7.f4 Bb7 8.Kh1 Nf6
9.Qf3 Bc5 10.Be3 Qb6 11.c3 Nc6 12.Nc2 O-O 13.Qh3 e5 14.Bc1 a5 15.Ne3 Ne7
16.fxe5 Nxe4 17.Nd2 Ng5 18.Qg3 Bxe3 19.Nc4 bxc4 20.Bxe3 Qe6 {#R} 0-1

[Event "It (open)"]
[Site "masterchessopen.com Figueres (Spain)"]
[Date "2006.08.12"]
[Round "6"]
[White "Vidal A"]
[Black "Martorell Aguado Joan (ESP)"]
[Result "0-1"]
[WhiteElo "1944"]
[BlackElo "2193"]

1.e4 c5 2.Nf3 e6 3.d4 cxd4 4.Nxd4 a6 5.Bd3 b5 6.O-O Bb7 7.a3 Qc7 8.Nc3 Nf6
9.Be3 d6 10.f3 Be7 11.Qe2 O-O 12.Rad1 Nbd7 13.Qd2 Rac8 14.Kh1 Rfe8 15.Nb3 Bf8
16.Qf2 d5 17.exd5 exd5 18.Bf5 Rcd8 19.Bxd7 Nxd7 20.Rfe1 Re5 21.Bd2 Rh5 22.f4
Nf6 {#R} 0-1

[Event "It (open)"]
[Site "masterchessopen.com Ostroda (Poland)"]
[Date "2006.08.13"]
[Round "9"]
[White "Mista Aleksander (POL)"]
[Black "Cylwik Zbigniew (POL)"]
[Result "1-0"]
[WhiteElo "2526"]
[BlackElo "2045"]

1.e4 c5 2.Nf3 e6 3.d4 cxd4 4.Nxd4 a6 5.Bd3 Nf6 6.O-O d5 7.e5 Nfd7 8.Nxe6 Qb6
9.Nxf8 Nxf8 10.Nc3 Be6 11.Be3 Qc7 12.f4 g6 13.Be2 {#r} 1-0

[Event "Cup Independence (open)"]
[Site "masterchessopen.com Kiev (Ukraine)"]
[Date "2006.08.19"]
[Round "7"]
[White "Chernozem Sergey (UKR)"]
[Black "Nazarevich Vitaly (UKR)"]
[Result "0-1"]
[WhiteElo "2098"]
[BlackElo "2304"]

1.e4 c5 2.Nf3 e6 3.d4 cxd4 4.Nxd4 a6 5.Bd3 Nc6 6.Nxc6 dxc6 7.O-O e5 8.Nd2 Ne7
9.Nc4 Ng6 10.a4 Bc5 11.Qf3 a5 12.Qg3 Qc7 13.Re1 Be6 14.h4 O-O-O 15.Bf1 h5
16.c3 Nf4 17.Nxe5 Ng6 {#R} 0-1

[Event "It (open)"]
[Site "masterchessopen.com Gelsenkirchen (Germany)"]
[Date "2006.08.25"]
[Round "1"]
[White "Zeldin Vitali (GER)"]
[Black "Podzielny Karl-Heinz (GER)"]
[Result "0-1"]
[WhiteElo "2129"]
[BlackElo "2459"]

1.e4 c5 2.Nf3 e6 3.d4 cxd4 4.Nxd4 a6 5.Bd3 Nf6 6.O-O Qc7 7.Re1 d6 8.c4 Be7
9.Nc3 Nbd7 10.f4 h5 11.Qe2 Qb6 12.Be3 Ng4 13.Nb3 Nxe3 14.Qxe3 Qxe3+ 15.Rxe3 g5
{#R} 0-1

[Event "It (open)"]
[Site "masterchessopen.com Rewal (Poland)"]
[Date "2006.08.27"]
[Round "9"]
[White "Demidowicz Maria (POL)"]
[Black "Pazdziora Michal (POL)"]
[Result "0-1"]
[WhiteElo "1953"]
[BlackElo "2191"]

1.e4 c5 2.Nf3 e6 3.d4 cxd4 4.Nxd4 a6 5.Bd3 Qc7 6.Be3 Nf6 7.O-O d6 8.c4 b6
9.Nc3 Bb7 10.Rc1 Nbd7 11.f4 Nc5 12.f5 e5 13.Nf3 Ng4 14.Bg5 h6 15.h3 Nxd3
16.hxg4 Qc5+ {#R} 0-1

[Event "Ch Wuerttemberg (b)"]
[Site "masterchessopen.com Balingen (Germany)"]
[Date "2006.08.30"]
[Round "5"]
[White "Ruprich Udo (GER)"]
[Black "Rotfuss Oliver (GER)"]
[Result "0-1"]
[WhiteElo "2035"]
[BlackElo "2140"]

1.e4 c5 2.Nf3 e6 3.d4 cxd4 4.Nxd4 a6 5.Bd3 Qc7 6.O-O Nc6 7.Be3 Nf6 8.c3 e5
9.Nf5 d5 10.exd5 Nxd5 11.Bd2 Be6 12.Qe2 g6 13.Ne3 Nf4 {#R} 0-1

[Event "Cup Russia (open)"]
[Site "masterchessopen.com Cheliabinsk (Russia)"]
[Date "2006.09.05"]
[Round "3"]
[White "Sedov Anton (RUS)"]
[Black "Gnusarev Pavel (KAZ)"]
[Result "0-1"]
[WhiteElo "2123"]
[BlackElo "2434"]

1.e4 c5 2.Nf3 e6 3.d4 cxd4 4.Nxd4 a6 5.Bd3 Nf6 6.c4 Nc6 7.Nxc6 dxc6 8.O-O e5
9.a3 Be6 10.Qc2 Nd7 11.Nc3 b5 12.cxb5 Nc5 13.Be2 Nb3 14.Be3 Nxa1 15.Rxa1 axb5
16.Nxb5 cxb5 17.Bxb5+ Ke7 18.Bc6 Rc8 19.Rd1 Qc7 20.Rc1 Bd7 21.Bc5+ Kf6 22.Bxd7
Qxd7 {#R} 0-1

[Event "It (open)"]
[Site "masterchessopen.com Winterthur (Switzerland)"]
[Date "2006.10.07"]
[Round "2"]
[White "Lehmann Andreas (SUI)"]
[Black "Malakhatko Vadim (BEL)"]
[Result "0-1"]
[WhiteElo "2181"]
[BlackElo "2617"]

1.e4 c5 2.Nf3 e6 3.d4 cxd4 4.Nxd4 a6 5.Bd3 Nc6 6.Nxc6 bxc6 7.O-O d5 8.c4 Nf6
9.Nd2 Be7 10.Qc2 Bb7 11.b3 h6 12.Bb2 O-O 13.Rae1 a5 14.a3 Nd7 15.Qd1 Bf6 16.e5
Be7 17.Qg4 Re8 18.Re3 Bg5 19.f4 f5 20.exf6 Bxf6 21.Be5 Qb6 {#R} 0-1

[Event "Czech League 2006/07 (krajsky prebor)"]
[Site "masterchessopen.com Czech Republic"]
[Date "2006.10.29"]
[Round "1"]
[White "Bednar Jiri (CZE)"]
[Black "Hradecky Ivo (CZE)"]
[Result "0-1"]
[WhiteElo "2018"]
[BlackElo "2104"]

1.e4 c5 2.Nf3 e6 3.d4 cxd4 4.Nxd4 a6 5.Bd3 Bc5 6.Nb3 Ba7 7.Qe2 Nc6 8.Be3 Nf6
9.Nc3 d6 10.f4 Qc7 11.O-O-O O-O 12.Rhg1 b5 13.Bxa7 Rxa7 14.Bxb5 axb5 15.Nxb5
Ba6 16.Nxc7 Bxe2 17.Rde1 Bc4 18.Nd2 Rxc7 19.Nxc4 Nxe4 20.a4 Nb4 21.Na3 Nd3+
{#R} 0-1

[Event "It (open) (active)"]
[Site "masterchessopen.com El Sauzal (Spain)"]
[Date "2006.11.04"]
[Round "5"]
[White "Fierro Baquero Martha L (ECU)"]
[Black "Barlov Dragan (SRB)"]
[Result "1-0"]
[WhiteElo "2339"]
[BlackElo "2439"]

1.e4 c5 2.Nf3 e6 3.d4 cxd4 4.Nxd4 a6 5.Bd3 g6 6.Nc3 Bg7 7.Be3 Ne7 8.Qd2 d5
9.Nde2 O-O 10.Bh6 d4 11.Bxg7 Kxg7 12.Nd1 e5 13.O-O Be6 14.f4 f6 15.fxe5 fxe5
16.Rxf8 Qxf8 17.Qg5 Nbc6 18.Qg3 Kg8 19.Nf2 Na7 20.Nh3 Bxh3 21.Qxh3 Kg7 22.Ng3
{#r} 1-0

[Event "Tournament"]
[Site "masterchessopen.com Voronezh (Russia)"]
[Date "2006.12.12"]
[Round "4"]
[White "Sokolovsky Victor (RUS)"]
[Black "Kornilov Peter (RUS)"]
[Result "1-0"]
[WhiteElo "2150"]
[BlackElo "2049"]

1.e4 c5 2.Nf3 e6 3.d4 cxd4 4.Nxd4 a6 5.Bd3 Qc7 6.O-O Nc6 7.Nxc6 dxc6 8.f4 e5
9.fxe5 Qxe5 10.Bf4 Qxb2 11.Nd2 b5 12.e5 Be6 13.Qf3 Rc8 14.Ne4 h6 15.Rad1 Qd4+
16.Kh1 Qd7 17.Bd2 Rc7 18.Nd6+ Bxd6 19.exd6 Rc8 20.Rfe1 Nf6 21.Bf5 Qxd6 {#r}
1-0

[Event "It (open)"]
[Site "masterchessopen.com Tuggeranong (Australia)"]
[Date "2007.01.04"]
[Round "7"]
[White "Fedec John (AUS)"]
[Black "Guo Emma (AUS)"]
[Result "1-0"]
[WhiteElo "2003"]
[BlackElo "1733"]

1.e4 c5 2.Nf3 e6 3.d4 cxd4 4.Nxd4 a6 5.Bd3 Qc7 6.Be3 Nf6 7.O-O Be7 8.Nc3 d6
9.f4 Nc6 10.Qe2 O-O 11.a3 b5 12.f5 d5 13.Nxc6 Qxc6 14.e5 Nd7 15.f6 Bc5 16.fxg7
Re8 17.Qh5 Bxe3+ 18.Kh1 h6 19.Qxf7# 1-0

[Event "Zt"]
[Site "masterchessopen.com Phu Quoc (Vietnam)"]
[Date "2007.01.16"]
[Round "7"]
[White "Chuah Jin Hai Jonathan (MAS)"]
[Black "Ngo Ngoc Quang (VIE)"]
[Result "1-0"]
[WhiteElo "2250"]
[BlackElo "2275"]

1.e4 c5 2.Nf3 e6 3.d4 cxd4 4.Nxd4 a6 5.Bd3 Nf6 6.O-O Qc7 7.Nb3 Be7 8.Qe2 d6
9.c4 b6 10.Nc3 Bb7 11.f4 Nc6 12.Be3 Rc8 13.a3 O-O 14.Rac1 Qb8 15.Rf3 Rfe8
16.Rh3 Bf8 17.e5 dxe5 18.Bxh7+ Kh8 19.Ne4 Ng8 20.Bxg8+ Kxg8 21.Qh5 f6 22.Nxf6+
{#r} 1-0

[Event "Ch France (team) (nat.2) 2006/07"]
[Site "masterchessopen.com France"]
[Date "2007.01.21"]
[Round "6"]
[White "Letreguilly Olivier (FRA)"]
[Black "Aout Sebastien (FRA)"]
[Result "1-0"]
[WhiteElo "2334"]
[BlackElo "2237"]

1.e4 c5 2.Nf3 e6 3.d4 cxd4 4.Nxd4 a6 5.Bd3 Qc7 6.Qe2 b5 7.O-O Bb7 8.a4 b4 9.c4
d6 10.Bd2 a5 11.Nb5 Qc6 12.c5 dxc5 13.Bf4 Na6 14.Nd2 Be7 15.Nc4 Bd8 16.Nbd6+
Kf8 17.Nxf7 {#r} 1-0

[Event "Tournament"]
[Site "masterchessopen.com Kimry (Russia)"]
[Date "2007.01.25"]
[Round "9"]
[White "Asrian Armen (RUS)"]
[Black "Makhnev Vladimir (RUS)"]
[Result "1-0"]
[WhiteElo "2160"]
[BlackElo "2282"]

1.e4 c5 2.Nf3 e6 3.d4 cxd4 4.Nxd4 a6 5.Bd3 Bc5 6.Nb3 Ba7 7.O-O Nc6 8.Nc3 Nf6
9.Bg5 Qc7 10.Kh1 Ne5 11.f4 Nxd3 12.cxd3 d6 13.Rc1 Qd7 14.f5 O-O 15.Bxf6 gxf6
16.Qh5 Kh8 17.Rf3 Rg8 18.Rcf1 Qe8 19.Rh3 Rg7 20.Qh6 Qe7 21.Rf4 Kg8 22.Rfh4 Bf2
{#r} 1-0

[Event "Ch Chile (Fenach)"]
[Site "masterchessopen.com Santiago (Chile)"]
[Date "2007.02.09"]
[Round "6"]
[White "Vergara Jose (FRA)"]
[Black "Rioseco Fernando (CHI)"]
[Result "0-1"]
[WhiteElo "2152"]
[BlackElo "2198"]

1.e4 c5 2.Nf3 e6 3.d4 cxd4 4.Nxd4 a6 5.Bd3 Qc7 6.O-O Nf6 7.Re1 d6 8.Nc3 Be7
9.Nf3 Nbd7 10.Bf4 e5 11.Be3 b5 12.h3 O-O 13.Ne2 d5 14.Ng3 dxe4 15.Nxe4 Bb7
16.Bg5 Rfe8 17.c3 h6 18.Bxf6 Nxf6 19.Qe2 Nd5 20.g3 f5 {#R} 0-1

[Event "Czech League 2006/07 (2nd) (c)"]
[Site "masterchessopen.com Czech Republic"]
[Date "2007.02.11"]
[Round "7"]
[White "Ringel Zbynek (CZE)"]
[Black "Outulny Pavel (CZE)"]
[Result "1-0"]
[WhiteElo "2298"]
[BlackElo "2198"]

1.e4 c5 2.Nf3 e6 3.d4 cxd4 4.Nxd4 a6 5.Bd3 Qc7 6.O-O Nf6 7.Nc3 Be7 8.Kh1 d6
9.f4 O-O 10.Qe2 Nbd7 11.g4 Rd8 12.g5 Ne8 13.Bd2 Nc5 14.f5 d5 15.fxe6 Bxe6
16.Nxe6 fxe6 17.exd5 exd5 18.Rae1 Bf8 19.b4 Nxd3 20.Qe6+ {#r} 1-0

[Event "Tournament (open) \"]
[Site "masterchessopen.com Zabrze (Poland)"]
[Date "2007.02.16"]
[Round "10"]
[White "Tchorzewski Kazimierz (POL)"]
[Black "Gola Karolina (POL)"]
[Result "0-1"]
[WhiteElo "1906"]
[BlackElo "1873"]

1.e4 c5 2.Nf3 e6 3.d4 cxd4 4.Nxd4 a6 5.Bd3 Bc5 6.Nb3 Ba7 7.Nc3 Nc6 8.Qg4 Nf6
9.Qg3 d6 10.Bg5 h6 11.Bxf6 Qxf6 12.f4 b5 13.O-O-O O-O 14.Rhf1 b4 15.e5 dxe5
16.Ne4 Qg6 17.Ng5 exf4 18.Bxg6 fxg3 {#R} 0-1

[Event "Czech League 2006/07 (1st) West"]
[Site "masterchessopen.com Czech Republic"]
[Date "2007.03.04"]
[Round "9"]
[White "Kukel Imre (SVK)"]
[Black "Soukal Rudolf (CZE)"]
[Result "1-0"]
[WhiteElo "2316"]
[BlackElo "2091"]

1.e4 c5 2.Nf3 e6 3.d4 cxd4 4.Nxd4 a6 5.Bd3 Nf6 6.O-O Qc7 7.Qe2 d6 8.f4 Nbd7
9.c4 b6 10.Nc3 Bb7 11.Bd2 Rc8 12.Kh1 h5 13.Rae1 h4 14.Rf3 Be7 15.b4 Kd8 16.a3
Nh5 17.Rc1 Bf6 18.Be3 Nxf4 19.Rxf4 e5 20.Rxf6 exd4 21.Rxf7 dxc3 22.Bg5+ {#r}
1-0

[Event "Ch City (open)"]
[Site "masterchessopen.com Saratov (Russia)"]
[Date "2007.03.11"]
[Round "9"]
[White "Dzivodov Gennadij (RUS)"]
[Black "Drogilov Alexander (RUS)"]
[Result "1-0"]
[WhiteElo "2243"]
[BlackElo "2140"]

1.e4 c5 2.Nf3 e6 3.d4 cxd4 4.Nxd4 a6 5.Bd3 b5 6.O-O Bb7 7.a4 b4 8.Qe2 Qc7 9.a5
Nc6 10.Nb3 Nf6 11.f4 d5 12.e5 Ne4 13.Bxe4 dxe4 14.N1d2 Rd8 15.Nxe4 Nd4 16.Nxd4
Rxd4 17.Ng5 Bc5 18.Be3 Re4 {#r} 1-0

[Event "Tournament (team)"]
[Site "masterchessopen.com Slask (Poland)"]
[Date "2007.03.18"]
[Round "5"]
[White "Smolka Marcin (POL)"]
[Black "Lubosik Zbigniew (POL)"]
[Result "1-0"]
[WhiteElo "1837"]
[BlackElo "2124"]

1.e4 c5 2.Nf3 e6 3.d4 cxd4 4.Nxd4 a6 5.Bd3 Nc6 6.Nxc6 dxc6 7.O-O e5 8.Kh1 Nf6
9.f3 Bc5 10.Bg5 Be6 11.Qe2 h6 12.Bh4 g5 13.Bg3 Qc7 14.c3 Nh5 15.b4 Nxg3+
16.hxg3 Ba7 17.a4 h5 18.Na3 g4 19.Kh2 h4 20.Rh1 Qe7 21.fxg4 Qg5 {#r} 1-0

[Event "Ch SibFO (open)"]
[Site "masterchessopen.com Angarsk (Russia)"]
[Date "2007.03.19"]
[Round "2"]
[White "Petrukhin Denis (RUS)"]
[Black "Krivonos Nikolay (RUS)"]
[Result "1-0"]
[WhiteElo "2401"]
[BlackElo "2250"]

1.e4 c5 2.Nf3 e6 3.d4 cxd4 4.Nxd4 a6 5.Bd3 Qc7 6.Qe2 Nc6 7.Nb3 Nf6 8.Nc3 b5
9.f4 d6 10.O-O Be7 11.Kh1 Bb7 12.Bd2 O-O 13.Rae1 Nd7 14.Qh5 g6 15.Qh3 Nb6
16.f5 exf5 17.exf5 Rfe8 18.fxg6 hxg6 19.Rxf7 Kxf7 20.Qh7+ Kf6 21.Qxg6# 1-0

[Event "Ch France (juniors) (under 12)"]
[Site "masterchessopen.com Le Grand Bornand (France)"]
[Round "6"]
[White "Cabanes Kim (FRA)"]
[Black "Tassel Pierre (FRA)"]
[Result "1-0"]
[WhiteElo "1908"]
[BlackElo "1735"]

1.e4 c5 2.Nf3 e6 3.d4 cxd4 4.Nxd4 a6 5.Bd3 Qc7 6.Qe2 d6 7.O-O Nf6 8.c4 Nc6
9.Be3 Be7 10.Nc3 O-O 11.Kh1 b6 12.Rae1 Bb7 13.f4 Rac8 14.Nxc6 Bxc6 15.Bd2 Nd7
16.Qg4 Bf6 17.Re3 Bb7 18.e5 dxe5 19.Bxh7+ Kh8 20.Qh5 Rfd8 21.Rh3 Bh4 22.Qxh4
{#r} 1-0

[Event "It (open)"]
[Site "masterchessopen.com Foxwoods (USA)"]
[Date "2007.04.04"]
[Round "1"]
[White "Vertkin Sergey (RUS)"]
[Black "Stripunsky Alexander (USA)"]
[Result "0-1"]
[WhiteElo "2215"]
[BlackElo "2592"]

1.e4 c5 2.Nf3 e6 3.d4 cxd4 4.Nxd4 a6 5.Bd3 Qc7 6.O-O Nf6 7.c4 Bd6 8.h3 Nc6
9.Ne2 Ne5 10.b3 b6 11.Nbc3 Bb7 12.f4 Bc5+ 13.Kh2 Nxd3 14.Qxd3 Qc6 15.Ng3 h5
16.Re1 Ng4+ 17.hxg4 hxg4+ 18.Nh5 Bf2 {#R} 0-1

[Event "Tournament (open) \"]
[Site "masterchessopen.com Barcelona (Spain)"]
[Date "2007.04.21"]
[Round "2"]
[White "Pacheco Bubi Rafael (ESP)"]
[Black "Ruiz Manchon Francesc Xavier (ESP)"]
[Result "0-1"]
[WhiteElo "1886"]
[BlackElo "2162"]

1.e4 c5 2.Nf3 e6 3.d4 cxd4 4.Nxd4 a6 5.Bd3 g6 6.Be3 Bg7 7.O-O d6 8.Nd2 Nf6
9.Qe2 Qc7 10.f4 Nbd7 11.Rad1 O-O 12.f5 exf5 13.exf5 Re8 14.fxg6 hxg6 15.Qf2
Ne5 16.Rde1 Nxd3 17.cxd3 Ng4 18.Qf4 Bh6 {#R} 0-1

[Event "Landesliga (2nd) East 2006/07"]
[Site "masterchessopen.com Mecklenburg-Vorpommern (Germany)"]
[Date "2007.04.22"]
[Round "9"]
[White "Kuehn Peter (GER)"]
[Black "Schwarz Eckhard (GER)"]
[Result "1-0"]
[WhiteElo "2426"]
[BlackElo "1954"]

1.e4 c5 2.Nf3 e6 3.d4 cxd4 4.Nxd4 a6 5.Bd3 d5 6.exd5 Qxd5 7.O-O Nc6 8.Nxc6
Qxc6 9.Nc3 Nf6 10.Be3 Bc5 11.Qe2 O-O 12.Rfd1 b5 13.Bxc5 Qxc5 14.Ne4 Qe7
15.Nxf6+ Qxf6 {#r} 1-0

[Event "Tournament (Elo)"]
[Site "masterchessopen.com Cali (Colombia)"]
[Date "2007.05.04"]
[Round "1"]
[White "Naranjo Sebastian (COL)"]
[Black "Ossa Juan Sebastian (COL)"]
[Result "1-0"]
[WhiteElo "2133"]
[BlackElo "1734"]

1.e4 c5 2.Nf3 e6 3.d4 cxd4 4.Nxd4 a6 5.Bd3 Qc7 6.Qe2 Nc6 7.Nxc6 bxc6 8.O-O Nf6
9.Nd2 Be7 10.b3 a5 11.a4 d5 12.Bb2 Bb7 13.f4 c5 14.Bb5+ Bc6 15.exd5 Nxd5 16.f5
O-O-O 17.Nc4 Bf6 18.Bxf6 gxf6 19.Bxc6 Qxc6 20.Nxa5 Qa8 21.Qb5 Ne3 22.Qxc5+
{#r} 1-0

[Event "Tournament (Elo)"]
[Site "masterchessopen.com Cali (Colombia)"]
[Date "2007.05.05"]
[Round "4"]
[White "Sanchez Victor (COL)"]
[Black "Salazar Ricardo (COL)"]
[Result "1-0"]
[WhiteElo "2210"]
[BlackElo "2025"]

1.e4 c5 2.Nf3 e6 3.d4 cxd4 4.Nxd4 a6 5.Bd3 Nc6 6.Nxc6 dxc6 7.O-O e5 8.Nd2 Nf6
9.Nc4 Qc7 10.Bd2 Bc5 11.Ba5 b6 12.Bc3 Bd4 13.Bxd4 exd4 14.e5 Nd7 15.Qg4 O-O
16.Qxd4 Re8 17.f4 Bb7 18.Rad1 Rad8 19.Qd6 Qc8 20.Bf5 {#r} 1-0

[Event "It (open)"]
[Site "masterchessopen.com Triesen (Liechtenstein)"]
[Date "2007.05.11"]
[Round "1"]
[White "Jaracz Pawel (POL)"]
[Black "Heyl Thomas (GER)"]
[Result "1-0"]
[WhiteElo "2518"]
[BlackElo "2076"]

1.e4 c5 2.Nf3 e6 3.d4 cxd4 4.Nxd4 a6 5.Bd3 Nf6 6.O-O Qc7 7.Qe2 d6 8.c4 Be7
9.Nc3 Nbd7 10.f4 O-O 11.Be3 b6 12.g4 Nc5 13.g5 Ng4 14.Bd2 e5 15.Nd5 Qb7 16.Nc6
Bd8 17.f5 g6 18.Bc2 gxf5 19.exf5 h5 20.b4 {#r} 1-0

[Event "Ch World (IPCA) (b)"]
[Site "masterchessopen.com Wisla (Poland)"]
[Date "2007.05.16"]
[Round "2"]
[White "Spyra Wojciech (POL)"]
[Black "Bondarets Vadim (UKR)"]
[Result "0-1"]
[WhiteElo "2053"]
[BlackElo "2342"]

1.e4 c5 2.Nf3 e6 3.d4 cxd4 4.Nxd4 a6 5.Bd3 Qc7 6.Nd2 Nc6 7.Nxc6 bxc6 8.b3 d5
9.Bb2 Nf6 10.Qe2 a5 11.O-O Be7 12.c4 O-O 13.Rac1 Qf4 14.g3 Qh6 15.e5 Nd7
16.cxd5 exd5 17.e6 Ne5 18.exf7+ Rxf7 19.Rfe1 Bg4 20.Qe3 Nxd3 21.Qxd3 Rxf2 {#R}
0-1

[Event "Ch Germany (juniors) (under 18)"]
[Site "masterchessopen.com Willingen (Germany)"]
[Date "2007.06.01"]
[Round "9"]
[White "Brener Ilja (GER)"]
[Black "Beck Frederik (GER)"]
[Result "1-0"]
[WhiteElo "2382"]
[BlackElo "2309"]

1.e4 c5 2.Nf3 e6 3.d4 cxd4 4.Nxd4 a6 5.Bd3 Bc5 6.Nb3 Ba7 7.Qg4 Nf6 8.Qg3 d6
9.Nc3 Nc6 10.Bg5 b5 11.O-O-O b4 12.Ne2 e5 13.Kb1 O-O 14.f4 Kh8 15.Rhf1 Be6
16.Qh4 Be3 17.Rf3 exf4 18.e5 {#r} 1-0

[Event "Ch Colombia (w)"]
[Site "masterchessopen.com Cartagena (Colombia)"]
[Date "2007.06.13"]
[Round "1"]
[White "Mateus Martha (COL)"]
[Black "Chaucanes Lina Marcela (COL)"]
[Result "1-0"]
[WhiteElo "2163"]
[BlackElo "2032"]

1.e4 c5 2.Nf3 e6 3.d4 cxd4 4.Nxd4 a6 5.Bd3 Qc7 6.O-O Nf6 7.Qe2 d6 8.f4 Nc6
9.Nf3 Be7 10.Nc3 Nb4 11.Kh1 Nxd3 12.cxd3 b5 13.e5 Nd7 14.exd6 Qxd6 15.f5 exf5
16.Re1 Nf6 17.Bf4 Qd8 18.Nd4 Ng8 19.Nc6 Qd7 20.Nd5 Kf8 21.Ncxe7 Bb7 22.Nb6
{#r} 1-0

[Event "Ch Germany (juniors) (Internet) (under 18) (qual4)"]
[Site "masterchessopen.com Internet"]
[Date "2007.06.13"]
[Round "6"]
[White "Gruenke Paul (GER)"]
[Black "Weber Andre"]
[Result "1-0"]
[WhiteElo "2092"]
[BlackElo "2116"]

1.e4 c5 2.Nf3 e6 3.d4 cxd4 4.Nxd4 a6 5.Bd3 Qc7 6.O-O Nf6 7.Qe2 d6 8.Nc3 b5
9.Kh1 Bb7 10.f4 Nbd7 11.Bd2 Be7 12.Rae1 Nb6 13.e5 dxe5 14.fxe5 Nfd5 15.Qg4 g6
16.Ne4 Bc5 17.Nb3 Bf8 18.Qf3 Bg7 19.Nd6+ {#r} 1-0

[Event "Ch Ireland"]
[Site "masterchessopen.com Dublin (Ireland)"]
[Date "2007.07.06"]
[Round "7"]
[White "Murray John (IRL)"]
[Black "Loughran John (IRL)"]
[Result "1-0"]
[WhiteElo "2209"]
[BlackElo "1789"]

1.e4 c5 2.Nf3 e6 3.d4 cxd4 4.Nxd4 a6 5.Bd3 Bc5 6.Nb3 Ba7 7.c4 Nc6 8.Nc3 d6
9.O-O Qc7 10.Bf4 Nf6 11.c5 e5 12.Nd5 Nxd5 13.exd5 Ne7 14.Be3 dxc5 15.d6 Qc6
16.dxe7 b5 17.Be4 {#r} 1-0

[Event "It (open)"]
[Site "masterchessopen.com La Fere (France)"]
[Date "2007.07.08"]
[Round "2"]
[White "Feryn Alexandre (FRA)"]
[Black "Raulet Alain (FRA)"]
[Result "1-0"]
[WhiteElo "1891"]
[BlackElo "1932"]

1.e4 c5 2.Nf3 e6 3.d4 cxd4 4.Nxd4 a6 5.Bd3 Nf6 6.O-O Qc7 7.Qe2 d5 8.Nc3 dxe4
9.Nxe4 Be7 10.Bd2 O-O 11.Rfe1 Nc6 12.Nxc6 Qxc6 13.Qf3 Qc7 14.Ng3 Nd5 15.Rad1
Bd7 16.c4 Nb4 17.Bb1 e5 18.Nf5 Bc6 19.Qg3 g6 20.Nxe7+ Qxe7 21.a3 Ba4 22.Bxb4
{#r} 1-0